Selecta /

Guardado en:
Autor Principal: Mandelbrojt, Szolem, 1899-1983.
Formato: Libro
Idioma:French
English
Publicado: [Montreuil] : Gauthier-Villars, c1981.
Materias:
Etiquetas: Agregar Etiqueta
Sin Etiquetas, Sea el primero en etiquetar este registro!
LEADER 00735cam a2200241 a 4500
001 MAT.inmabb006070
008 830608s1981####fr#a#####b####000#0#fre##
005 20111117170321.0
245 1 0 |a Selecta /  |c Szolem Mandelbrojt. 
260 |a [Montreuil] :  |b Gauthier-Villars,  |c c1981. 
300 |a 639 p. :  |b il. ;  |c 25 cm. 
500 |a English and French. 
504 |a Incluye referencias bibliográficas. 
510 4 |a MR,  |c 82k:01041 
100 1 |a Mandelbrojt, Szolem,  |d 1899-1983. 
240 1 0 |a Selections.  |f 1981 
650 0 |a Mathematics. 
650 0 |a Mathematical analysis. 
084 |a 01A75 (30-03)  |2 msc2000 
010 |a  82128855  
040 |a DLC  |c DLC  |d DLC  |d OCoLC 
041 0 |a fre  |a eng 
859 |h 01A75  |i M271  |p A-5365  |b BIB. MATEMATICA